Functional Analysis Lecture Notes(E-BOOK) (Record no. 192321)

000 -LEADER
fixed length control field 00529 a2200157 4500
003 - CONTROL NUMBER IDENTIFIER
control field Nust
005 - DATE AND TIME OF LATEST TRANSACTION
control field 20170207154034.0
040 ## - CATALOGING SOURCE
Transcribing agency Nust
100 ## - MAIN ENTRY--PERSONAL NAME
Personal name T. B. Ward
245 ## - TITLE STATEMENT
Title Functional Analysis Lecture Notes(E-BOOK)
Statement of responsibility, etc. T. B. Ward
260 ## - PUBLICATION, DISTRIBUTION, ETC.
Name of publisher, distributor, etc. University of East Anglia
Date of publication, distribution, etc. 2003
300 ## - PHYSICAL DESCRIPTION
Extent 73p
505 ## - FORMATTED CONTENTS NOTE
Formatted contents note Normed Linear Spaces (Page-5) Banach spaces (Page-17) Linear Transformations (Page-29) Integration (Page-43) Hilbert spaces (Page-47) Fourier analysis (Page-59)
650 ## - SUBJECT ADDED ENTRY--TOPICAL TERM
Topical term or geographic name entry element Functional Analysis Lecture
651 ## - SUBJECT ADDED ENTRY--GEOGRAPHIC NAME
Geographic name E-BOOK
942 ## - ADDED ENTRY ELEMENTS (KOHA)
Source of classification or shelving scheme
Koha item type Book
Holdings
Withdrawn status Lost status Source of classification or shelving scheme Damaged status Not for loan Collection code Permanent Location Current Location Date acquired Total Checkouts Barcode Date last seen Price effective from Koha item type
            Military College of Signals (MCS) Military College of Signals (MCS) 12/12/2016   MCSEB-1314 12/08/2016 12/12/2016 Book
© 2023 Central Library, National University of Sciences and Technology. All Rights Reserved.